[Event "Manavgat Turkey Cup"]
[Site "Manavgat"]
[Date "2016.01.31"]
[Round "3"]
[White "Aktas, Ilker"]
[Black "Kilic, Efe Mert"]
[Result "0-1"]
[WhiteElo "1892"]
[BlackElo "1998"]
[PlyCount "134"]
[EventDate "2016.01.30"]
[EventType "swiss"]
[EventRounds "11"]
[EventCountry "TUR"]
[SourceTitle "CBM 170 Extra"]
[Source "ChessBase"]
[SourceDate "2016.02.25"]
[SourceVersion "1"]
[SourceVersionDate "2016.02.25"]
[SourceQuality "1"]

1. e4 d5 2. exd5 Qxd5 3. Nc3 Qd6 4. d4 Nf6 5. Nb5 Qb6 6. c4 c6 7. Nc3 Bg4 8. Nf3 Bxf3 9. gxf3 g6 10. Qb3 Nbd7 11. Qxb6 Nxb6 12. Be3 Bg7 13. Be2 0-0 14. 0-0-0 Rfd8 15. Rd2 Rd7 16. Ne4 e6 17. Nc5 Re7 18. Rhd1 Rd8 19. b3 Nc8 20. Ne4 Nb6 21. Bg5 Nbd7 22. Kc2 h6 23. Be3 Kh7 24. a4 Nf8 25. Nxf6+ Bxf6 26. d5 cxd5 27. cxd5 exd5 28. Rxd5 Rxd5 29. Rxd5 Bg5 30. Kd2 Ne6 31. Bc4 Kg7 32. Rd6 Nc5 33. Bd5 Bxe3+ 34. fxe3 a5 35. Kc3 Na6 36. Kd4 Nb4 37. e4 g5 38. Rb6 Rc7 39. Bxb7 Nc2+ 40. Kd3 Nb4+ 41. Kd4 Nc2+ 42. Ke5 f6+ 43. Kd6 Rc3 44. Bd5 Kg6 45. e5 Ne3 46. e6 Rd3 47. Rb5 Nxd5 48. Rxd5 Rxf3 49. Kd7 Re3 50. Rb5 g4 51. Rb8 Rd3+ 52. Ke7 Kg7 53. Rb7 h5 54. Rd7 Rxb3 55. Kd6+ Kg6 56. Ke7 Kg7 57. Kd8+ Kg6 58. Rd5 Re3 59. e7 f5 60. e8Q+ Rxe8+ 61. Kxe8 h4 62. Rxa5 g3 63. Rb5 g2 64. Rb1 f4 65. Rg1 f3 66. a5 h3 67. a6 f2 0-1

[Event "Manavgat Turkey Cup"]
[Site "Manavgat"]
[Date "2015.02.04"]
[Round "7"]
[White "Samani, Yamac"]
[Black "Aktas, Ilker"]
[Result "1-0"]
[WhiteElo "1774"]
[BlackElo "1954"]
[PlyCount "57"]
[EventDate "2015.01.31"]
[EventType "swiss"]
[EventRounds "11"]
[EventCountry "TUR"]
[SourceTitle "CBM 164 Extra"]
[Source "ChessBase"]
[SourceDate "2015.03.02"]
[SourceVersion "1"]
[SourceVersionDate "2015.03.02"]
[SourceQuality "1"]

1. e4 c5 2. Nf3 d6 3. Bb5+ Nd7 4. d4 cxd4 5. Qxd4 a6 6. Bxd7+ Bxd7 7. Nc3 e6 8. 0-0 Qc7 9. Bg5 Ne7 10. Rfe1 Nc6 11. Nd5 exd5 12. exd5+ Ne7 13. Bxe7 Bxe7 14. Qxg7 Rf8 15. Rxe7+ Kxe7 16. Re1+ Be6 17. dxe6 Qa5 18. exf7+ Kd7 19. Qg4+ Kc6 20. Re7 Qd5 21. Nd4+ Kb6 22. Ne6 Rxf7 23. Rxf7 Re8 24. Rf6 Qe5 25. Qb4+ Ka7 26. Qc3 Rxe6 27. Rxe6 Qxe6 28. Qe3+ Qxe3 29. fxe3 1-0

[Event "Manavgat Turkey Cup"]
[Site "Manavgat"]
[Date "2015.02.01"]
[Round "2"]
[White "Aytekin, Murat Eren"]
[Black "Aktas, Ilker"]
[Result "0-1"]
[WhiteElo "1629"]
[BlackElo "1954"]
[PlyCount "98"]
[EventDate "2015.01.31"]
[EventType "swiss"]
[EventRounds "11"]
[EventCountry "TUR"]
[SourceTitle "CBM 164 Extra"]
[Source "ChessBase"]
[SourceDate "2015.03.02"]
[SourceVersion "1"]
[SourceVersionDate "2015.03.02"]
[SourceQuality "1"]

1. d4 Nf6 2. c4 e6 3. Nf3 b6 4. g3 Bb7 5. Bg2 Be7 6. 0-0 0-0 7. Nc3 Ne4 8. Qc2 Nxc3 9. Qxc3 d6 10. Re1 c5 11. dxc5 bxc5 12. Rd1 Qb6 13. Bg5 Nc6 14. Bxe7 Nxe7 15. Rac1 Rab8 16. Rd2 Rfd8 17. b3 Qc7 18. Ne1 Bxg2 19. Nxg2 Rb6 20. Ne3 Ng6 21. Rcd1 Ne7 22. Nc2 Ra6 23. Qb2 Rb6 24. Na3 a6 25. Nc2 Rdb8 26. e4 h6 27. Ne3 Ng6 28. f4 a5 29. Rd3 a4 30. Nc2 axb3 31. axb3 Qb7 32. Rxd6 Rxb3 33. Rd8+ Rxd8 34. Rxd8+ Kh7 35. Qa2 Rb1+ 36. Kf2 Rb2 37. Qa4 Qxe4 38. Rd2 Ne7 39. Re2 Qd3 40. Qa3 Rb3 41. Qa2 Qf3+ 42. Kg1 Nf5 43. Rf2 Qc3 44. Qa7 Rb1+ 45. Kg2 Qxc4 46. Qxf7 Rb2 47. Ne1 Qe4+ 48. Nf3 Rxf2+ 49. Kxf2 Qd3 0-1

[Event "TUR-ch"]
[Site "Kemer"]
[Date "2011.02.06"]
[Round "3"]
[White "Aktas, Ilker"]
[Black "Korkmaz, Necmettin"]
[Result "0-1"]
[WhiteElo "1986"]
[BlackElo "2186"]
[PlyCount "90"]
[EventDate "2011.02.05"]
[EventType "swiss"]
[EventRounds "10"]
[EventCountry "TUR"]
[SourceTitle "CBM 140 Extra"]
[Source "ChessBase"]
[SourceDate "2011.03.01"]
[SourceVersion "1"]
[SourceVersionDate "2011.03.01"]
[SourceQuality "1"]

1. e4 e6 2. d4 d5 3. Nc3 Nf6 4. e5 Nfd7 5. f4 c5 6. Nf3 Nc6 7. Be3 Qb6 8. Na4 Qa5+ 9. c3 cxd4 10. b4 Qc7 11. Nxd4 a6 12. a3 b5 13. Nb2 Nb6 14. Bd3 Nxd4 15. Bxd4 Nc4 16. Qc2 Be7 17. 0-0 g6 18. a4 Bd7 19. a5 0-0 20. Nd1 Bc6 21. Qe2 Rae8 22. Qg4 f5 23. Qe2 Rf7 24. Nf2 Rg7 25. g4 Kf7 26. Kh1 Reg8 27. Ra2 Ke8 28. Rg1 Bd8 29. Qf3 Qf7 30. Rg3 Kd7 31. Rh3 g5 32. gxf5 g4 33. fxe6+ Qxe6 34. f5 Qe8 35. e6+ Kc8 36. Nxg4 Rxg4 37. Rg3 Ne5 38. Qe3 Rxg3 39. hxg3 Qh5+ 40. Kg2 Ng4 41. Qg1 Nf6 42. Qh2 Qd1 43. Bxf6 d4+ 44. Kf2 Bxf6 45. Be2 Qb1 0-1

[Event "TUR-ch op"]
[Site "Antalya"]
[Date "2008.02.09"]
[Round "10.15"]
[White "Aktas, Ilker"]
[Black "Ozturk Orenli, Kubra"]
[Result "0-1"]
[WhiteElo "1990"]
[BlackElo "2179"]
[PlyCount "102"]
[EventDate "2008.02.04"]
[EventType "swiss"]
[EventRounds "11"]
[EventCountry "TUR"]
[SourceTitle "CBM 122 Extra"]
[Source "ChessBase"]
[SourceDate "2008.03.04"]
[SourceVersion "1"]
[SourceVersionDate "2008.03.04"]
[SourceQuality "1"]

1. e4 e5 2. Nf3 Nc6 3. Bb5 a6 4. Ba4 Nf6 5. 0-0 b5 6. Bb3 Bb7 7. d3 Be7 8. a4 d6 9. axb5 axb5 10. Rxa8 Qxa8 11. Nc3 b4 12. Nd5 Nxd5 13. Bxd5 0-0 14. c3 Nd8 15. Bxb7 Qxb7 16. Qa4 bxc3 17. bxc3 Ne6 18. Qb4 Qxb4 19. cxb4 Rb8 20. Bd2 Kf8 21. Ra1 Ke8 22. Kf1 Kd7 23. g3 g5 24. g4 h5 25. h3 hxg4 26. hxg4 f6 27. Ra4 Rb7 28. Ne1 Nd4 29. Be3 Nb5 30. Nc2 c6 31. Ra6 d5 32. exd5 cxd5 33. Bb6 d4 34. Ke1 Nc3 35. Kd2 Nd5 36. Bc5 Nc7 37. Ra5 Bxc5 38. Rxc5 Rb5 39. Rc4 Nd5 40. Kc1 Kd6 41. Kb2 Nb6 42. Kb3 Nxc4 43. dxc4 Rb8 44. b5 Rh8 45. Kb4 Rh3 46. c5+ Kd5 47. b6 Kc6 48. Na3 Rh1 49. Ka5 Ra1 50. Kb4 Rc1 51. f3 d3 0-1

[Event "TUR-ch op"]
[Site "Antalya"]
[Date "2008.02.08"]
[Round "8.12"]
[White "Yildiz Kadioglu, Betul Cemre"]
[Black "Aktas, Ilker"]
[Result "1-0"]
[WhiteElo "2207"]
[BlackElo "1990"]
[PlyCount "81"]
[EventDate "2008.02.04"]
[EventType "swiss"]
[EventRounds "11"]
[EventCountry "TUR"]
[SourceTitle "CBM 122 Extra"]
[Source "ChessBase"]
[SourceDate "2008.03.04"]
[SourceVersion "1"]
[SourceVersionDate "2008.03.04"]
[SourceQuality "1"]

1. e4 c5 2. Nf3 d6 3. d4 cxd4 4. Nxd4 Nf6 5. f3 e5 6. Nb3 d5 7. Bg5 Be6 8. Bb5+ Nc6 9. Qe2 Be7 10. exd5 Nxd5 11. Bxe7 Qxe7 12. Bxc6+ bxc6 13. Qxe5 Qh4+ 14. g3 Qh6 15. Nc3 0-0 16. Nxd5 Bxd5 17. 0-0 Rae8 18. Qd4 Qh5 19. Nd2 c5 20. Qf2 Qf5 21. c4 Bc6 22. Rae1 g5 23. Ne4 Re5 24. g4 Qg6 25. Ng3 Rxe1 26. Rxe1 Qd3 27. Qe3 Qxe3+ 28. Rxe3 Rd8 29. Kf2 h5 30. Nxh5 Rd2+ 31. Re2 Rd4 32. b3 f5 33. gxf5 Kf7 34. Ng3 Rh4 35. Ke3 Rf4 36. Ne4 Ke7 37. f6+ Ke8 38. f7+ Ke7 39. Nxg5 Rf6 40. Kf2+ Kf8 41. Nh7+ 1-0

[Event "TUR-ch op"]
[Site "Antalya"]
[Date "2008.02.05"]
[Round "4.32"]
[White "Elalmis, Husamettin"]
[Black "Aktas, Ilker"]
[Result "1-0"]
[WhiteElo "1860"]
[BlackElo "1990"]
[PlyCount "69"]
[EventDate "2008.02.04"]
[EventType "swiss"]
[EventRounds "11"]
[EventCountry "TUR"]
[SourceTitle "CBM 122 Extra"]
[Source "ChessBase"]
[SourceDate "2008.03.04"]
[SourceVersion "1"]
[SourceVersionDate "2008.03.04"]
[SourceQuality "1"]

1. e4 c5 2. Nf3 Nc6 3. d4 cxd4 4. Nxd4 Nf6 5. Nc3 e5 6. Nb3 Bb4 7. Bg5 h6 8. Bxf6 Qxf6 9. Qd3 Nd4 10. f3 d5 11. 0-0-0 Nxb3+ 12. cxb3 Bxc3 13. Qxc3 d4 14. Qb4 Qe7 15. Qb5+ Kf8 16. Bc4 Qd6 17. Kb1 b6 18. Bd5 Bd7 19. Qa6 Bc6 20. Bxc6 Qxc6 21. Rc1 Qd7 22. Rc2 Ke7 23. Rhc1 Kf6 24. Rc6+ Kg5 25. h4+ Kh5 26. g4+ Kxh4 27. Qe2 f6 28. Qh2+ Kg5 29. Qh5+ Kf4 30. Rc7 Qe6 31. R1c6 Qe8 32. Qf5+ Ke3 33. Rc1 Rf8 34. Re1+ Kd2 35. Rcc1 1-0